000 00450cam a22001934a 4500
005 20250605164319.0
008 250528s ||||||||||||||||||||||||d
035 _a22828
020 _a9780071150804
040 _aGR-AtMCL
_bgre
_dGR-AtMCL
_eAACR2
245 1 _aLOCAL AREA NETWORKS
250 _a1
260 _bMcgraw Hill,
_c2003
300 _a618
700 1 _aForouzan Behrouz A
_91911
942 _cBK
999 _c7873
_d7873